[Event "Elit(Solna-Eksjo)"]
[Site "?"]
[Date "2015.03.20"]
[Round "7"]
[White "Ramel, Olof"]
[Black "Steneskog, Per"]
[Result "0-1"]
[WhiteElo "2015"]
[BlackElo "2207"]
[PlyCount "106"]

1. e4 e6 2. d4 d5 3. Nd2 Nf6 4. e5 Nfd7 5. c3 c5 6. Bd3 Nc6 7. Ne2 cxd4 8. cxd4
f6 9. exf6 Nxf6 10. O-O Bd6 11. Nf3 Qc7 12. Bg5 O-O 13. Rc1 h6 14. Bh4 Nh5 15.
Bb1 g5 16. Bg3 Nxg3 17. fxg3 Qg7 18. Qd3 Bd7 19. h4 Be7 20. Ne5 Bf6 21. Ng6
Bxd4+ 22. Nxd4 Qxd4+ 23. Qxd4 Rxf1+ 24. Kxf1 Nxd4 25. Rc7 Bc6 26. Ne7+ Kf8 27.
Ng6+ Kg8 28. Ne7+ Kf8 29. Ng6+ Ke8 30. Rh7 b6 31. Rxh6 gxh4 32. gxh4 Kd7 33.
Ne5+ Kd6 34. Nxc6 Nxc6 35. h5 Ke5 36. Rg6 Ne7 37. Rg7 Kf6 38. Rh7 Nf5 39. Kf2
Kg5 40. Kf3 Nh4+ 41. Kg3 Nf5+ 42. Kh3 e5 43. g4 Ne3 44. Rg7+ Kf4 45. Bh7 Rc8
46. g5 Rc1 47. Kh2 e4 48. g6 Ng4+ 49. Kg2 Rc2+ 50. Kf1 Ke3 51. Rf7 Nh2+ 52. Kg1
Nf3+ 53. Kf1 Rf2# 0-1

[Event "Elit(Solna-Eksjo)"]
[Site "?"]
[Date "2015.03.20"]
[Round "7"]
[White "Lundvik, Jonas"]
[Black "Gustafsson, Fredrik"]
[Result "1-0"]
[WhiteElo "2195"]
[BlackElo "2174"]
[PlyCount "121"]

1. d4 Nf6 2. Nf3 g6 3. Bg5 Bg7 4. Nbd2 d5 5. e3 Nbd7 6. Bd3 O-O 7. O-O Re8 8.
c4 c6 9. Rc1 Qb6 10. cxd5 cxd5 11. Qb3 Qxb3 12. Nxb3 e5 13. Bb5 a6 14. Bxf6
Bxf6 15. Rxc8 axb5 16. Rc7 Red8 17. a3 Rab8 18. Rfc1 exd4 19. exd4 Nb6 20. Nc5
Rdc8 21. Nd3 Rxc7 22. Rxc7 Nc4 23. Rc5 b4 24. axb4 Ra8 25. g3 Ra1+ 26. Kg2 Rd1
27. Nde5 Bxe5 28. dxe5 Nxb2 29. Rc8+ Kg7 30. Rc7 Nd3 31. Rxb7 Ne1+ 32. Nxe1
Rxe1 33. f4 g5 34. b5 gxf4 35. gxf4 Kg6 36. Kf2 Rb1 37. Ke3 Rb4 38. Rb6+ Kg7
39. Kf3 Rb3+ 40. Kg4 d4 41. Rb7 d3 42. Kf3 Rb4 43. Ke3 Rd4 44. Kd2 Kg6 45. b6
Rxf4 46. Kxd3 Rb4 47. Kc3 Rb5 48. Kd4 h5 49. Ke4 h4 50. Rb8 Rb4+ 51. Kd5 Kf5
52. Kc6 Kxe5 53. Re8+ Kf4 54. b7 f5 55. b8=Q+ Rxb8 56. Rxb8 Kg4 57. Kd5 Kh3 58.
Rb2 f4 59. Ke4 f3 60. Ke3 Kg4 61. Rb4+ 1-0

[Event "Elit(Orgryte-Kungstornet)"]
[Site "?"]
[Date "2015.03.20"]
[Round "7"]
[White "Cicak, Slavko"]
[Black "Tukhaev, Adam"]
[Result "1-0"]
[WhiteElo "2505"]
[BlackElo "2542"]
[PlyCount "65"]

1. e4 c5 2. Nf3 e6 3. b3 b6 4. Bd3 Bb7 5. O-O Nf6 6. e5 Ng4 7. h3 h5 8. Bb2 Nc6
9. Re1 d5 10. exd6 Bxd6 11. Qe2 Qe7 12. Ba6 O-O-O 13. Nc3 Nh6 14. Nb5 Nf5 15.
Bxb7+ Qxb7 16. d4 cxd4 17. Nfxd4 Ncxd4 18. Nxd4 Nxd4 19. Bxd4 Bc7 20. Rad1 Rd5
21. c4 Rg5 22. f3 Qc6 23. Be3 Rf5 24. b4 g5 25. c5 b5 26. a4 a6 27. axb5 axb5
28. Ra1 Rg8 29. Ra7 g4 30. hxg4 hxg4 31. fxg4 Re5 32. Qf3 Re4 33. Rxc7+ 1-0

[Event "Elit(Orgryte-Kungstornet)"]
[Site "?"]
[Date "2015.03.20"]
[Round "7"]
[White "Ziegler, Ari"]
[Black "Lyrberg, Patrik"]
[Result "0-1"]
[WhiteElo "2315"]
[BlackElo "2456"]
[PlyCount "84"]

1. d4 Nf6 2. c4 e6 3. Nc3 d5 4. cxd5 exd5 5. Bg5 Be7 6. e3 O-O 7. Bd3 h6 8. Bh4
c5 9. Nge2 b6 10. O-O Bb7 11. Rc1 c4 12. Bb1 a6 13. a4 Nc6 14. b3 g5 15. Bg3
Ba3 16. bxc4 Bxc1 17. cxd5 Nb4 18. Qxc1 Nfxd5 19. Nxd5 Bxd5 20. e4 Rc8 21. Qd2
Bc4 22. Qxb4 Bxe2 23. Re1 Rc4 24. Qd2 Bh5 25. d5 Bg6 26. f3 Qd7 27. h4 gxh4 28.
Bxh4 Kh7 29. a5 bxa5 30. Qxa5 Ra4 31. Qb6 a5 32. Bf6 Rg8 33. Qe3 Rb4 34. Bc3
Rb3 35. Qd4 Qc7 36. Rc1 Qg3 37. Be1 Qb8 38. Bc2 Rxf3 39. gxf3 Qf4 40. Kf2 Qxc1
41. Bd2 Qxc2 42. Qe3 Rb8 0-1

[Event "Elit(Orgryte-Kungstornet)"]
[Site "?"]
[Date "2015.03.20"]
[Round "7"]
[White "von Bahr, Oskar"]
[Black "Frisk Kockum, Anton"]
[Result "1/2-1/2"]
[WhiteElo "2358"]
[BlackElo "2362"]
[PlyCount "67"]

1. c4 c5 2. g3 Nc6 3. Bg2 d6 4. Nc3 Bd7 5. b3 g6 6. Bb2 Bg7 7. e3 Nh6 8. Nge2
Nf5 9. h4 h5 10. Rb1 Rb8 11. d3 a6 12. Qd2 O-O 13. Nd5 b5 14. Bxg7 Kxg7 15. O-O
e5 16. b4 cxb4 17. Nxb4 Nxb4 18. Rxb4 a5 19. Rb2 bxc4 20. dxc4 Rxb2 21. Qxb2
Qc7 22. Rc1 Rb8 23. Qa1 Qc5 24. Nf4 Qa3 25. c5 Qb2 26. Qxb2 Rxb2 27. Nd3 Rd2
28. Rc3 dxc5 29. Nxe5 Be8 30. a4 Rd1+ 31. Kh2 Rd2 32. Kg1 Rd1+ 33. Kh2 Rd2 34.
Kg1 1/2-1/2

[Event "Elit(Orgryte-Kungstornet)"]
[Site "?"]
[Date "2015.03.20"]
[Round "7"]
[White "Arnelind, Mikael"]
[Black "Larsson, Anders"]
[Result "1-0"]
[WhiteElo "2191"]
[BlackElo "2256"]
[PlyCount "99"]

1. d4 d6 2. Nf3 Bg4 3. c4 Nd7 4. Qb3 Rb8 5. Be3 Ngf6 6. Nc3 c6 7. Nd2 Qa5 8. f3
Be6 9. Bf2 Bf5 10. e4 Bg6 11. Be2 e5 12. O-O Be7 13. c5 exd4 14. cxd6 dxc3 15.
Nc4 Qb5 16. Qxc3 Bd8 17. a4 Qh5 18. Rae1 O-O 19. g4 Qh3 20. Bg3 b5 21. Nd2 Bb6+
22. Kh1 Rbc8 23. a5 b4 24. Qxb4 Bc5 25. Qc4 Rb8 26. Nb3 Nxe4 27. fxe4 Rb4 28.
Qc3 Rxe4 29. Nxc5 Rxe2 30. Rg1 Rxe1 31. Rxe1 Qxg4 32. Nxd7 Qxd7 33. Kg1 h5 34.
Qe3 Qg4 35. Qf4 Qxf4 36. Bxf4 Rd8 37. Re7 Bf5 38. Rxa7 f6 39. h4 g5 40. hxg5
fxg5 41. Be5 Re8 42. Bf6 Re1+ 43. Kf2 Rd1 44. Rg7+ Kf8 45. Rxg5 Bg4 46. Be5 Ra1
47. Bc3 Ke8 48. Rg7 Kd8 49. Rh7 Kc8 50. Ke3 1-0

[Event "Elit(Orgryte-Kungstornet)"]
[Site "?"]
[Date "2015.03.20"]
[Round "7"]
[White "Henriksson, Johan"]
[Black "Eksmyr, Johan"]
[Result "1-0"]
[WhiteElo "2271"]
[BlackElo "2166"]
[PlyCount "99"]

1. d4 Nf6 2. Nf3 g6 3. g3 Bg7 4. Bg2 d5 5. O-O c6 6. Nbd2 Be6 7. b3 Ne4 8. Nxe4
dxe4 9. Ng5 Bc8 10. c3 f5 11. f3 h6 12. Nh3 exf3 13. exf3 c5 14. dxc5 Qxd1 15.
Rxd1 Bxc3 16. Rb1 Nc6 17. Nf4 Bd4+ 18. Rxd4 Nxd4 19. Bb2 e5 20. Nxg6 Rg8 21.
Nxe5 Ne6 22. Re1 f4 23. Ng4 fxg3 24. Nf6+ Kf7 25. Nxg8 gxh2+ 26. Kxh2 Kxg8 27.
Bf1 Bd7 28. Bc4 Re8 29. b4 Kf8 30. Be5 Ng5 31. Bd6+ Kg7 32. Rxe8 Bxe8 33. f4
Nf7 34. Be7 a6 35. Kg3 Bc6 36. Be6 Nh8 37. f5 Nf7 38. Kf4 h5 39. Bh4 Kf8 40.
Bf6 Ke8 41. Bc4 Nh6 42. Be2 Ng4 43. Bd4 Bd5 44. a4 Kd7 45. Kg5 Bf7 46. Bf3 Kc7
47. Be4 Be8 48. a5 Kc8 49. f6 Nh2 50. Kh6 1-0

[Event "Elit(Orgryte-Kungstornet)"]
[Site "?"]
[Date "2015.03.20"]
[Round "7"]
[White "Kumar, Rahul"]
[Black "Engstrom, Kaj"]
[Result "1-0"]
[WhiteElo "2147"]
[BlackElo "2216"]
[PlyCount "61"]

1. e4 c5 2. Nf3 e6 3. d4 cxd4 4. Nxd4 a6 5. c4 Nf6 6. Bd3 d6 7. Nc3 Nbd7 8. O-O
Ne5 9. Be2 Qc7 10. f4 Nc6 11. Be3 Be7 12. Qd2 O-O 13. Rac1 Bd7 14. Bf3 Qb8 15.
Nb3 b5 16. c5 b4 17. Na4 e5 18. Nb6 exf4 19. Bf2 Ne5 20. Nxa8 Qxa8 21. cxd6 Bd8
22. Qxf4 Nd3 23. Qe3 Nxc1 24. e5 Qb8 25. Rxc1 Re8 26. Qd4 Re6 27. Qf4 Ne8 28.
Nc5 Rg6 29. Nxd7 Qb5 30. Bc6 Qd3 31. Be4 1-0

[Event "Elit(Orgryte-Kungstornet)"]
[Site "?"]
[Date "2015.03.20"]
[Round "7"]
[White "Wikner, Arvid"]
[Black "Virolainen, Victor"]
[Result "1-0"]
[WhiteElo "2242"]
[BlackElo "2167"]
[PlyCount "45"]

1. e4 e5 2. Nf3 Nc6 3. d4 exd4 4. Bc4 Bc5 5. c3 Nge7 6. b4 Bb6 7. Qb3 O-O 8.
Bb2 Ng6 9. Nbd2 Qe7 10. O-O Nge5 11. Nxe5 Qxe5 12. Nf3 Qf6 13. Rad1 Re8 14.
cxd4 d6 15. e5 dxe5 16. dxe5 Qe7 17. Ng5 Rf8 18. Nxf7 Rxf7 19. b5 Na5 20. Bxf7+
Kf8 21. Qf3 Qxf7 22. Rd8+ Ke7 23. Ba3+ 1-0

[Event "Elit(Orgryte-Kungstornet)"]
[Site "?"]
[Date "2015.03.20"]
[Round "7"]
[White "Lauritzson, Peter"]
[Black "Johansson, Robin"]
[Result "1/2-1/2"]
[WhiteElo "2122"]
[BlackElo "2141"]
[PlyCount "88"]

1. Nf3 Nc6 2. d4 d5 3. g3 Be6 4. Bg2 Qd7 5. O-O O-O-O 6. c4 dxc4 7. Nc3 Bh3 8.
Qa4 Bxg2 9. Kxg2 Nf6 10. Qxc4 e6 11. a4 Bb4 12. Bg5 h6 13. Bxf6 gxf6 14. e4 Qe7
15. a5 Nxa5 16. Qa2 Rhg8 17. Rfc1 Bxc3 18. bxc3 b6 19. Nd2 Qd7 20. Nb3 Rg5 21.
d5 Rxd5 22. c4 Rd3 23. Nxa5 Rd2 24. Qa3 Qd4 25. Qf3 bxa5 26. Rxa5 Qb2 27. Rf1
Qb6 28. Rb5 Qc6 29. Rfb1 R8d3 30. Qf4 f5 31. Rb8+ Kd7 32. Re1 Qc5 33. exf5 Qxf5
34. Qxf5 exf5 35. Re5 f4 36. gxf4 Ra3 37. Rf5 Raa2 38. Kf3 Rxf2+ 39. Ke4 Rfe2+
40. Kd4 Ke6 41. Rc5 Rad2+ 42. Kc3 Rc2+ 43. Kd4 Rcd2+ 44. Kc3 Rc2+ 1/2-1/2

[Event "Elit(Team Viking-LASK)"]
[Site "?"]
[Date "2015.03.20"]
[Round "7"]
[White "Tari, Aryan"]
[Black "Berg, Emanuel"]
[Result "1-0"]
[WhiteElo "2509"]
[BlackElo "2545"]
[PlyCount "133"]

1. e4 c5 2. Nf3 e6 3. d4 cxd4 4. Nxd4 a6 5. c4 Nf6 6. Nc3 Qc7 7. Be2 b6 8. O-O
Bb7 9. Qd3 Bb4 10. f3 Nc6 11. Nxc6 dxc6 12. Be3 Bd6 13. f4 e5 14. c5 Bxc5 15.
Bxc5 bxc5 16. Qg3 O-O 17. fxe5 Nd7 18. e6 Qxg3 19. exf7+ Rxf7 20. hxg3 Re7 21.
Rac1 g6 22. Bf3 a5 23. Na4 Ba6 24. Rfd1 Rb8 25. Rd6 c4 26. Rcd1 Bb5 27. Nc3 Nc5
28. Kf2 Nd3+ 29. Ke3 a4 30. a3 Kf7 31. Rd2 Re6 32. Rd7+ Re7 33. Rxe7+ Kxe7 34.
Be2 Ke6 35. Bxd3 cxd3 36. Kd4 Rd8+ 37. Ke3 Rb8 38. Rf2 c5 39. Nxb5 Rxb5 40.
Kxd3 Rb3+ 41. Kc4 h5 42. Kxc5 Ke5 43. Re2 g5 44. Kc4 g4 45. Kc5 Rb8 46. b4 axb3
47. Rb2 Rc8+ 48. Kb4 Kd4 49. Kxb3 Rc3+ 50. Kb4 Rxg3 51. a4 Kxe4 52. a5 Rd3 53.
a6 h4 54. a7 Rd8 55. Kc5 Ra8 56. Rb4+ Kf5 57. Kb6 Rh8 58. Ka5 h3 59. gxh3 g3
60. Rb8 g2 61. a8=Q g1=Q 62. Qd5+ Kf6 63. Qd6+ Kg5 64. Rb5+ Kh4 65. Qf4+ Kxh3
66. Rb3+ Kg2 67. Rg3+ 1-0

[Event "Elit(Team Viking-LASK)"]
[Site "?"]
[Date "2015.03.20"]
[Round "7"]
[White "Agrest, Evgenij"]
[Black "Tikkanen, Hans"]
[Result "1/2-1/2"]
[WhiteElo "2594"]
[BlackElo "2537"]
[PlyCount "69"]

1. Nf3 d5 2. c4 d4 3. b4 f6 4. e3 e5 5. c5 a5 6. Qa4+ Bd7 7. b5 dxe3 8. fxe3
Bxc5 9. Bc4 Bd6 10. Nc3 Ne7 11. O-O Nc8 12. Qc2 Nb6 13. Bd3 Qe7 14. Bxh7 g5 15.
Bg6+ Kd8 16. g3 Bh3 17. Rf2 N8d7 18. Bb2 Qe6 19. Ne1 Ke7 20. Be4 Raf8 21. Bxb7
f5 22. Nf3 Rh5 23. d4 e4 24. d5 Qh6 25. Nxe4 fxe4 26. Qxe4+ Kd8 27. Nd4 Nc5 28.
Nc6+ Kd7 29. Nb8+ Kd8 30. Nc6+ Kd7 31. Rxf8 Qxf8 32. Nb8+ Kd8 33. Nc6+ Kd7 34.
Nb8+ Kd8 35. Nc6+ 1/2-1/2

[Event "Elit(Team Viking-LASK)"]
[Site "?"]
[Date "2015.03.20"]
[Round "7"]
[White "Nithander, Victor"]
[Black "Semcesen, Daniel"]
[Result "1/2-1/2"]
[WhiteElo "2428"]
[BlackElo "2469"]
[PlyCount "95"]

1. e4 e5 2. Nf3 Nc6 3. Bb5 Nf6 4. d3 Bc5 5. Bxc6 dxc6 6. Nbd2 Nd7 7. O-O O-O 8.
Kh1 Re8 9. Nc4 f6 10. Nh4 Nf8 11. Qf3 Be6 12. Ne3 Qd7 13. Qg3 Kh8 14. f4 exf4
15. Qxf4 Ng6 16. Qg3 Nxh4 17. Qxh4 Bd4 18. Nf5 Be5 19. Qf2 b6 20. d4 Bd6 21.
Nxd6 cxd6 22. Bf4 Bf7 23. Rfe1 Bg6 24. e5 fxe5 25. dxe5 d5 26. Bg3 Be4 27. c4
Rf8 28. Qe2 h6 29. cxd5 cxd5 30. Rad1 Qe6 31. Rd2 Rac8 32. Kg1 Rf7 33. h3 Kh7
34. Kh2 Qg6 35. Rf1 Rcf8 36. Rxf7 Rxf7 37. Qe1 Rf5 38. h4 Rf8 39. Rf2 Rc8 40.
Qe3 Qg4 41. Qe2 Qe6 42. Qe3 Bg6 43. Qa3 a5 44. Qd6 Rc6 45. Qd8 Rc8 46. Qd6 Rc6
47. Qd8 Rc8 48. Qd6 1/2-1/2

[Event "Elit(Team Viking-LASK)"]
[Site "?"]
[Date "2015.03.20"]
[Round "7"]
[White "Smith, Axel"]
[Black "Lindberg, Bo"]
[Result "0-1"]
[WhiteElo "2475"]
[BlackElo "2413"]
[PlyCount "202"]

1. d4 f5 2. c4 Nf6 3. Nc3 d6 4. Bg5 Nbd7 5. Qc2 e5 6. O-O-O exd4 7. Rxd4 Nc5 8.
Nd5 Be7 9. Nxe7 Qxe7 10. e3 Ne6 11. Bxf6 Qxf6 12. Rd2 Bd7 13. Ne2 O-O 14. Nc3
Rae8 15. g3 Bc6 16. Nd5 Qf7 17. Kb1 Nc5 18. Bg2 Re5 19. Rd4 Rfe8 20. h4 Ne4 21.
Rhd1 b6 22. Bf3 a5 23. g4 Kh8 24. gxf5 Bxd5 25. cxd5 Qxf5 26. Bxe4 Rxe4 27. Rc4
Qf3 28. Rxe4 Rxe4 29. Kc1 h6 30. h5 Re7 31. b3 Qxh5 32. Rd4 Kg8 33. Kb2 Qf3 34.
Ka3 Rf7 35. Rd2 h5 36. Qc4 g6 37. Ka4 Kh7 38. Kb5 Kh6 39. Qd4 Qf6 40. Qxf6 Rxf6
41. Kc6 Rf7 42. f4 g5 43. fxg5+ Kxg5 44. Rg2+ Kh6 45. e4 h4 46. Re2 Rh7 47. e5
dxe5 48. Rxe5 h3 49. Re1 h2 50. Rh1 Kg6 51. d6 cxd6 52. Kxb6 Rh5 53. a4 Kf6 54.
b4 axb4 55. a5 b3 56. a6 b2 57. a7 Rh8 58. Kb7 Ke5 59. a8=Q Rxa8 60. Kxa8 Kd4
61. Kb7 Kc4 62. Kc6 d5 63. Kd6 d4 64. Ke5 d3 65. Ke4 Kc3 66. Ke3 d2 67. Rd1
b1=Q 68. Rxb1 Kc2 69. Rh1 d1=Q 70. Rxh2+ Kc3 71. Rf2 Qd4+ 72. Kf3 Kd3 73. Kg3
Qe5+ 74. Kg4 Ke3 75. Rf3+ Ke4 76. Rf1 Qg7+ 77. Kh4 Ke3 78. Kh5 Qg8 79. Rf5 Ke4
80. Rf1 Qg3 81. Rf8 Ke5 82. Rf7 Ke6 83. Rf8 Qe5+ 84. Kg6 Qg3+ 85. Kh5 Qe5+ 86.
Kg6 Qe4+ 87. Kg5 Qg2+ 88. Kh4 Qg6 89. Rf4 Ke5 90. Rf3 Qg1 91. Rf8 Qd4+ 92. Kh5
Qd7 93. Kg6 Qg4+ 94. Kh7 Qg5 95. Rf7 Ke6 96. Rg7 Qh5+ 97. Kg8 Kf6 98. Ra7 Qg4+
99. Kh8 Qh3+ 100. Kg8 Qg3+ 101. Kh7 Qh2+ 0-1

[Event "Elit(Team Viking-LASK)"]
[Site "?"]
[Date "2015.03.20"]
[Round "7"]
[White "Bellon Lopez, Juan"]
[Black "Dragicevic, Drazen"]
[Result "1-0"]
[WhiteElo "2357"]
[BlackElo "2272"]
[PlyCount "59"]

1. d4 Nf6 2. Nf3 g6 3. Bf4 Bg7 4. e3 O-O 5. h3 b6 6. Nbd2 Bb7 7. c3 c5 8. Be2
d6 9. O-O Nbd7 10. Bh2 Qc7 11. a4 Rac8 12. Re1 Rfd8 13. Bc4 h6 14. Qb3 e6 15.
Rac1 Nb8 16. e4 Nc6 17. Qa3 e5 18. Bf1 Nh7 19. d5 Ne7 20. a5 Rb8 21. axb6 axb6
22. Qb3 f5 23. Nxe5 fxe4 24. Nc6 Bxc6 25. dxc6+ Kh8 26. Nxe4 Nxc6 27. Rcd1 Ne5
28. Qe6 Nf8 29. Qd5 Qf7 30. Bxe5 1-0

[Event "Elit(Team Viking-LASK)"]
[Site "?"]
[Date "2015.03.20"]
[Round "7"]
[White "Sagit, Rauan"]
[Black "Frisk, Ellinor"]
[Result "1-0"]
[WhiteElo "2362"]
[BlackElo "2261"]
[PlyCount "111"]

1. Nf3 d5 2. g3 c6 3. Bg2 Bg4 4. h3 Bxf3 5. Bxf3 Nf6 6. c4 e6 7. Qc2 Be7 8. O-O
O-O 9. d4 Nbd7 10. Rd1 Re8 11. Bg2 Rc8 12. c5 e5 13. e3 b6 14. b4 a5 15. a3
axb4 16. axb4 bxc5 17. bxc5 Ra8 18. Rxa8 Qxa8 19. Nc3 Qa7 20. Bb2 exd4 21. exd4
Nf8 22. Ra1 Qb7 23. Bc1 Ne6 24. Be3 Ra8 25. Rb1 Qc8 26. Na4 Qa6 27. Nb6 Qa2 28.
Qxa2 Rxa2 29. Nc8 Bd8 30. Rb7 Kf8 31. Na7 Ra1+ 32. Kh2 Ra6 33. Bf1 Ra2 34. Nxc6
Bc7 35. Ra7 Rxa7 36. Nxa7 Ba5 37. Nb5 Ke7 38. Bd3 g6 39. Kg2 Ne8 40. Kf1 N8c7
41. Nxc7 Nxc7 42. Ke2 Ne6 43. Bb5 Nc7 44. Bc6 Ke6 45. Bd2 Bxd2 46. Kxd2 f6 47.
Kc3 g5 48. Kb4 Kf5 49. f3 Ke6 50. Ka5 Ke7 51. Kb6 Kd8 52. Kb7 h6 53. g4 Ne6 54.
Bxd5 Nxd4 55. Kb6 Ke7 56. c6 1-0

[Event "Elit(Vasteras-Rockaden,Sthlm)"]
[Site "?"]
[Date "2015.03.20"]
[Round "7"]
[White "Blomqvist, Erik"]
[Black "Pohjala, Henri"]
[Result "0-1"]
[WhiteElo "2515"]
[BlackElo "2403"]
[PlyCount "65"]

1. e4 e5 2. Nf3 d6 3. d4 exd4 4. Nxd4 Nc6 5. Nc3 Nf6 6. Bf4 Be7 7. Qd2 O-O 8.
O-O-O a6 9. Be2 Nxd4 10. Qxd4 Be6 11. Kb1 b5 12. Rhe1 c5 13. Qe3 Qa5 14. g4
Rfe8 15. g5 b4 16. Nd5 Bxd5 17. exd5 Nxd5 18. Rxd5 Bxg5 19. Rxg5 Rxe3 20. Bxe3
b3 21. Reg1 Qxa2+ 22. Kc1 g6 23. Bc4 Qa1+ 24. Kd2 Qxb2 25. Bxb3 a5 26. R1g4 Rb8
27. Bd5 Rb4 28. h4 a4 29. h5 Kf8 30. Rg1 a3 31. hxg6 hxg6 32. Rh1 a2 33. Rgg1
0-1

[Event "Elit(Vasteras-Rockaden,Sthlm)"]
[Site "?"]
[Date "2015.03.20"]
[Round "7"]
[White "Akesson, Ralf"]
[Black "Socko, Bartosz"]
[Result "1/2-1/2"]
[WhiteElo "2456"]
[BlackElo "2623"]
[PlyCount "125"]

1. d4 Nf6 2. c4 e6 3. Nf3 Bb4+ 4. Bd2 c5 5. Bxb4 cxb4 6. g3 O-O 7. Bg2 d6 8.
O-O Re8 9. a3 Nc6 10. axb4 Nxb4 11. Nc3 Bd7 12. Ne1 Qc7 13. b3 d5 14. Nd3 a5
15. Rc1 dxc4 16. bxc4 Red8 17. Ne5 Be8 18. c5 Bc6 19. e3 Nfd5 20. Nxd5 exd5 21.
Qb3 Bb5 22. Rfd1 f6 23. Nf3 Qd7 24. Ra1 Be2 25. Rd2 Bc4 26. Qa3 Qf5 27. Rc1 g5
28. Ne1 h5 29. Nc2 Nxc2 30. Rdxc2 Bb5 31. e4 Qh7 32. exd5 h4 33. d6 Bd3 34.
Qb3+ Kh8 35. Rd2 Be4 36. Qe6 f5 37. Bxe4 fxe4 38. Qe5+ Qg7 39. Qxe4 a4 40. Ra2
Re8 41. Qg4 Qg6 42. d7 Re4 43. Rxa4 Rf8 44. f4 Qh7 45. Qxg5 hxg3 46. hxg3 Re2
47. Qh4 Qxh4 48. gxh4 Rd8 49. Rf1 Rg8+ 50. Kh1 Re3 51. Ra2 Rh3+ 52. Rh2 Rd3 53.
Rg2 Rd8 54. Re1 Rxd7 55. Re5 R3xd4 56. Rh5+ Rh7 57. Rxh7+ Kxh7 58. Rb2 Rxf4 59.
Rxb7+ Kg6 60. Kg2 Rxh4 61. Kf3 Kf6 62. Ke3 Ke6 63. Kd3 1/2-1/2

[Event "Elit(Vasteras-Rockaden,Sthlm)"]
[Site "?"]
[Date "2015.03.20"]
[Round "7"]
[White "Hammer, Jon Ludvig"]
[Black "Sjodahl, Pontus"]
[Result "1-0"]
[WhiteElo "2651"]
[BlackElo "2414"]
[PlyCount "119"]

1. d4 Nf6 2. c4 e6 3. Nc3 Bb4 4. f3 d5 5. a3 Bxc3+ 6. bxc3 c5 7. cxd5 exd5 8.
e3 O-O 9. Bd3 b6 10. Ne2 Ba6 11. O-O Qe7 12. Ng3 Bxd3 13. Qxd3 Qe6 14. e4 Nc6
15. e5 Nd7 16. f4 f5 17. Be3 c4 18. Qc2 b5 19. Rfb1 Rab8 20. h3 Na5 21. Kh2 Nb3
22. Ra2 a5 23. Rg1 Rb6 24. Ne2 Nb8 25. g4 Nc6 26. gxf5 Qxf5 27. Qxf5 Rxf5 28.
Ng3 Ne7 29. Nxf5 Nxf5 30. Bf2 Kf7 31. Rb1 Ke6 32. Rab2 Kd7 33. h4 h5 34. Rg1 g6
35. Kh3 Ke7 36. Re2 Re6 37. Rb2 Kf7 38. Rgb1 Rc6 39. Kg2 Ke6 40. Be1 b4 41.
axb4 axb4 42. cxb4 Nfxd4 43. Bf2 Kf5 44. Kg3 Ra6 45. Bxd4 Nxd4 46. Rd2 Ra3+ 47.
Kg2 Nb5 48. Rxd5 Ra2+ 49. Kf3 Ra3+ 50. Kf2 Ra2+ 51. Ke1 Nc3 52. Ra5 Rc2 53. e6+
Kxf4 54. Rba1 Re2+ 55. Kf1 Rxe6 56. Rc5 Ne4 57. Rxc4 Rf6 58. Kg2 Rd6 59. Re1
Re6 60. b5 1-0

[Event "Elit(Vasteras-Rockaden,Sthlm)"]
[Site "?"]
[Date "2015.03.20"]
[Round "7"]
[White "Norberg, Johan"]
[Black "Bator, Robert"]
[Result "0-1"]
[WhiteElo "2308"]
[BlackElo "2433"]
[PlyCount "68"]

1. e4 c5 2. Nc3 Nc6 3. g3 g6 4. Bg2 Bg7 5. d3 d6 6. Be3 Nd4 7. Qd2 Rb8 8. Nd1
e5 9. c3 Ne6 10. Ne2 Ne7 11. Bh6 O-O 12. Bxg7 Kxg7 13. d4 cxd4 14. cxd4 Qb6 15.
d5 Nc5 16. b4 Qxb4 17. Ndc3 a6 18. O-O Bd7 19. Rab1 Qa5 20. f4 f6 21. Qe3 b5
22. Rfc1 b4 23. Nd1 Qxa2 24. fxe5 fxe5 25. Rxc5 Qxb1 26. Rc1 Qa2 27. Rc7 Qa4
28. Nf2 Rbc8 29. Rb7 Qa1+ 30. Bf1 Bh3 31. Rxe7+ Kg8 32. Nc1 Rxc1 33. Nxh3
Rcxf1+ 34. Kg2 Qb2+ 0-1

[Event "Elit(Vasteras-Rockaden,Sthlm)"]
[Site "?"]
[Date "2015.03.20"]
[Round "7"]
[White "Karlsson, Lars"]
[Black "Janse, Rasmus"]
[Result "0-1"]
[WhiteElo "2441"]
[BlackElo "2229"]
[PlyCount "76"]

1. b3 g6 2. Bb2 Nf6 3. Bxf6 exf6 4. c4 Bg7 5. Nc3 f5 6. Rc1 b6 7. g3 Bb7 8. Nd5
c6 9. Nf4 c5 10. Bg2 Bxg2 11. Nxg2 d5 12. Nf4 dxc4 13. bxc4 O-O 14. Nf3 Nc6 15.
Rb1 Qd6 16. O-O Rad8 17. Rb3 Na5 18. Rd3 Qc6 19. Rxd8 Rxd8 20. Qc2 Qd6 21. d3
Nc6 22. Nd5 Ne7 23. e4 fxe4 24. dxe4 Nxd5 25. exd5 b5 26. Re1 bxc4 27. Qxc4
Qxd5 28. Qxd5 Rxd5 29. Re8+ Bf8 30. Rc8 Kg7 31. Rc7 a5 32. a4 Kf6 33. Kf1 Bd6
34. Rc8 Ke7 35. Ke2 Kd7 36. Rh8 c4 37. Rxh7 c3 38. Rh4 Rc5 0-1

[Event "Elit(Vasteras-Rockaden,Sthlm)"]
[Site "?"]
[Date "2015.03.20"]
[Round "7"]
[White "Bergstrom, Peter"]
[Black "Barkhagen, Jonas"]
[Result "1/2-1/2"]
[WhiteElo "2311"]
[BlackElo "2432"]
[PlyCount "31"]

1. e4 c5 2. Nf3 d6 3. d4 cxd4 4. Nxd4 Nf6 5. f3 Nc6 6. c4 Nxd4 7. Qxd4 g6 8.
Be3 Bg7 9. Nc3 O-O 10. Qd2 Be6 11. Be2 Qa5 12. Nd5 Qxd2+ 13. Kxd2 Nxd5 14. cxd5
Bd7 15. Rac1 Rfc8 16. Rxc8+ 1/2-1/2

[Event "Elit(Vasteras-Rockaden,Sthlm)"]
[Site "?"]
[Date "2015.03.20"]
[Round "7"]
[White "Hermansson, Emil"]
[Black "Norberg, Erik"]
[Result "0-1"]
[WhiteElo "2435"]
[BlackElo "2235"]
[PlyCount "76"]

1. e4 g6 2. d4 Bg7 3. Nf3 d6 4. Bd3 Nf6 5. O-O O-O 6. Re1 c6 7. c3 Qc7 8. Nbd2
e5 9. Nf1 Re8 10. Ng3 Nbd7 11. Bg5 Nf8 12. h3 Ne6 13. Be3 Bd7 14. Qd2 Rad8 15.
Rad1 b5 16. b4 a6 17. a3 Bc8 18. Bh6 Bxh6 19. Qxh6 Nf4 20. Bc2 Qe7 21. Rd2 Kh8
22. Qh4 Kg7 23. Red1 h6 24. dxe5 dxe5 25. Nf1 Rxd2 26. Rxd2 c5 27. Ne1 cxb4 28.
cxb4 Rd8 29. f3 Rxd2 30. Nxd2 Qc7 31. Qf2 Bxh3 32. g3 Ne6 33. Nb3 Qc3 34. Kh2
Ng5 35. Qd2 Nxf3+ 36. Nxf3 Qxf3 37. Kxh3 Ng4 38. Qe1 Ne3 0-1

[Event "Elit(Vasteras-Rockaden,Sthlm)"]
[Site "?"]
[Date "2015.03.20"]
[Round "7"]
[White "Orndahl, Markus"]
[Black "Lokander, Martin"]
[Result "0-1"]
[WhiteElo "2156"]
[BlackElo "2378"]
[PlyCount "60"]

1. d4 Nf6 2. Nf3 g6 3. Bf4 Bg7 4. e3 O-O 5. c4 c5 6. Nc3 cxd4 7. exd4 d5 8. Qd2
Ne4 9. Qc2 Nc6 10. cxd5 Nb4 11. Qxe4 Bf5 12. Qe2 Nd3+ 13. Kd1 Nxf4 14. Qb5 e6
15. h3 exd5 16. g3 Be4 17. Be2 Ne6 18. Re1 a6 19. Qb4 Rc8 20. Ne5 a5 21. Qa4
Qb6 22. Bb5 Bxe5 23. dxe5 Bf3+ 24. Kd2 Qxf2+ 25. Be2 Nc5 26. Qf4 Ne4+ 27. Kd3
Rc4 28. Qxf3 Qd4+ 29. Kc2 Qd2+ 30. Kb3 Rb4+ 0-1

[Event "Elit(Rockaden,Sthlm-LASK)"]
[Site "?"]
[Date "2015.03.21"]
[Round "8"]
[White "Hillarp Persson, Tiger"]
[Black "Hammer, Jon Ludvig"]
[Result "1/2-1/2"]
[WhiteElo "2555"]
[BlackElo "2651"]
[PlyCount "85"]
[SourceDate "2015.03.25"]

1. c4 g6 2. h4 c5 3. b3 Bg7 4. Nc3 b6 5. Bb2 h5 6. e3 Nh6 7. Nh3 e6 8. Nf4 Nf5
9. Bd3 Nxh4 10. g3 Nf5 11. Bxf5 exf5 12. Qc2 Bb7 13. Ncd5 Kf8 14. Bxg7+ Kxg7
15. Qb2+ f6 16. O-O-O Bxd5 17. Nxd5 Nc6 18. d4 cxd4 19. exd4 Qf8 20. c5 Qf7 21.
Ne3 d5 22. cxd6 Rad8 23. Nc4 Qd5 24. Kb1 b5 25. Ne3 Qe4+ 26. Ka1 Rxd6 27. Rh4
Qe7 28. Qc3 Qd7 29. Qc5 Ne7 30. d5 Rc8 31. Qa3 Qc7 32. Rhd4 Qc5 33. Qxc5 Rxc5
34. a4 bxa4 35. Rxa4 a5 36. Rad4 g5 37. Rc4 Rb5 38. Rc7 Kf8 39. Re1 Nxd5 40.
Nxd5 Rbxd5 41. Ree7 Rd2 42. Rh7 Kg8 43. Rcg7+ 1/2-1/2

[Event "Elit(Rockaden,Sthlm-LASK)"]
[Site "?"]
[Date "2015.03.21"]
[Round "8"]
[White "Blomqvist, Erik"]
[Black "Tari, Aryan"]
[Result "0-1"]
[WhiteElo "2515"]
[BlackElo "2509"]
[PlyCount "80"]

1. e4 c5 2. Nf3 d6 3. d4 cxd4 4. Nxd4 Nf6 5. Nc3 g6 6. Be3 Bg7 7. f3 O-O 8. Qd2
Nc6 9. O-O-O d5 10. Kb1 Nxd4 11. e5 Nf5 12. exf6 exf6 13. Bc5 d4 14. Bxf8 Qxf8
15. Nb5 Be6 16. Bd3 Ne3 17. Rde1 f5 18. c3 dxc3 19. Qxe3 Qb4 20. Re2 cxb2 21.
Qd2 Qa4 22. Rxe6 fxe6 23. Qc2 Qa5 24. Qc4 Kh8 25. Nd6 Qd2 26. Qc2 Qb4 27. Qc7
Qd2 28. Bc2 Qxg2 29. Rd1 h6 30. Qxb7 Rf8 31. Nf7+ Kh7 32. Nd8 Re8 33. Rd7 Re7
34. Bd1 Qg1 35. Qc6 Rxd7 36. Qxd7 Qe3 37. Qc7 Qd3+ 38. Qc2 Qxd8 39. a3 Qd6 40.
Ka2 b1=Q+ 0-1